00726cam a2200181 a 4500008004100000020001500041035001200056050002500068100003000093245010100123260006600224300002500290600003300315650004100348942001300389999001700402952012500419040810s1974 mau 000 0 eng u a0674192753 aa43927000aQP26 .B47 bH65 19741 aHolmes, Frederic Lawrence10aClaude Bernard and animal chemistry :bthe emergence of a scientist /cFrederic Lawrence Holmes. aCambridge, Massachusetts :bHarvard University Press, c1974. axx, 541 p. ;c25 cm.1 aBernard, Claude, d1813-1878 0aFisiología experimental xHistoria 2lcccLIB c86211d86211 102lcc4070aINV-033bINV-033cGENERALd2018-12-18kCNEoQP26.B47 H65 1974pIIH000028004r2018-12-18 00:00:00tC:1yLIB